مكتبة جامعة عجلون الوطنية

فهرس بحث المكتبة

النظم السياسية والقانون الدستوري / (Record no. 33464)

MARC details
000 -LEADER
fixed length control field 00579nam a22001817a 4500
003 - CONTROL NUMBER IDENTIFIER
control field JO-AjAnu
005 - DATE AND TIME OF LATEST TRANSACTION
control field 20240429113833.0
008 - FIXED-LENGTH DATA ELEMENTS--GENERAL INFORMATION
fixed length control field 240429b jo ||||| |||| 00| 0 ara d
040 ## - CATALOGING SOURCE
Original cataloging agency JO-AjAnu
Transcribing agency JO-AjAnu
041 ## - LANGUAGE CODE
Language code of text/sound track or separate title ara
050 ## - LIBRARY OF CONGRESS CALL NUMBER
Classification number JC348.S5234
Item number 2003
100 #1 - MAIN ENTRY--PERSONAL NAME
Personal name شطناوي، فيصل
9 (RLIN) 53193
245 20 - TITLE STATEMENT
Title النظم السياسية والقانون الدستوري /
Statement of responsibility, etc. فيصل شطناوي
260 ## - PUBLICATION, DISTRIBUTION, ETC.
Place of publication, distribution, etc. عمان :
Name of publisher, distributor, etc. دار الحامد للنشر،
Date of publication, distribution, etc. 2002
300 ## - PHYSICAL DESCRIPTION
Extent 363صفحة
650 70 - SUBJECT ADDED ENTRY--TOPICAL TERM
Topical term or geographic name entry element القانون الدستوري
9 (RLIN) 21483
942 ## - ADDED ENTRY ELEMENTS (KOHA)
Source of classification or shelving scheme Library of Congress Classification
Koha item type Books
Suppress in OPAC No
Holdings
Withdrawn status Lost status Source of classification or shelving scheme Damaged status Not for loan Home library Current library Date acquired Total Checkouts Full call number Barcode Date last seen Price effective from Koha item type
    Library of Congress Classification     مكتبة جامعة عجلون الوطنية مكتبة جامعة عجلون الوطنية 29/04/2024   JC348.S5234 2003 A29765 29/04/2024 29/04/2024 Books